00874nam a22002537a 45000010005000000030006000050050017000110080041000280200018000690400029000870500014001160820010001301000037001402450063001772500022002402600046002623000022003085050007003305200184003375210019005215210018005406500032005586500030005904625FISKH20250303095518.0240918b cb ||||| |||| 00| 0 eng d a9780679886181 aFISKHbengcFISKHdFISKH aPZ7.G3264 2823.8 aBronte, Charlotted(1816–1855) aJane Eyre /cBy Charlotte Bronte Adapted by Jane E. Gerver aPublished in 2005 aNew York :bA Stepping Stone Book,c1997. a105 pages :c20cm aN  aIn early nineteenth-century England, an orphaned young woman accepts employment as a governess at Thornfield Hall, a country estate owned by the mysteriously remote Mr. Rochester.8 a540L bLexile 8 aN bRaz-Plus  2Historical fictionaClassic 2English literatureaNovel